000 00548nam a2200181Ia 4500
005 20250423100456.0
008 250422s9999 xx 000 0 und d
020 _a9780857299222
050 _aRJ 370 .P423/
100 _aEdited by Steven E. Lucking
245 0 _aPediatric: critical care study guide: text and review
260 _aNew York
260 _bSpringer
260 _c2012
300 _a952 p
650 _a Pediatric intensive care--Handbooks, manuals, etc. Pediatric emergencies--Handbooks, manuals, etc.
942 _cBK
999 _c33418
_d33418